Em tập viết lớp 1 Công nghệ giáo dục

Gorde:
Xehetasun bibliografikoak
Egile nagusia: Hồ, Ngọc Đại
Erakunde egilea: Chính phủ nước cộng hòa xã hội chủ nghĩa Việt Nam
Beste egile batzuk: Ngô, Hiền Tuyên, Trần, Hải Toàn, Võ, Thanh Hà
Formatua: Liburua
Argitaratua: Hà Nội Giáo dục 2015
Edizioa:tái bản lần thứ 7
Gaiak:
Etiketak: Etiketa erantsi
Etiketarik gabe, Izan zaitez lehena erregistro honi etiketa jartzen!
Thư viện lưu trữ: Trung tâm Học liệu Lê Vũ Hùng, Trường Đại học Đồng Tháp
LEADER 00985pam a22002778a 4500
001 00039562
005 20171026081025.0
008 170519s2015 ||||||Viesd
041 0 # |a Vie 
082 1 4 |a 372.63  |b E202T 
100 1 # |a Hồ, Ngọc Đại 
110 1 # |a Chính phủ nước cộng hòa xã hội chủ nghĩa Việt Nam 
245 1 0 |b Công nghệ giáo dục  |a Em tập viết lớp 1  |c Hồ Ngọc Đại...[Và những người khác] 
250 # # |a tái bản lần thứ 7 
260 # # |a Hà Nội  |b Giáo dục  |c 2015 
300 # # |a 48tr.  |c 29 cm 
653 # # |a Tập viết 
700 1 # |a Ngô, Hiền Tuyên 
700 1 # |a Trần, Hải Toàn 
700 1 # |a Võ, Thanh Hà 
852 # # |b Kho mượn  |j KM.0021489 
852 # # |b Kho đọc  |j KD.0020437 
852 # # |j KD.0020437  |j KM.0021489 
910 |d 19/05/2017 
980 # # |a Trung tâm Học liệu Lê Vũ Hùng, Trường Đại học Đồng Tháp